=LDR 00000nam 2200000 4500 =001 INLIS000000000046384 =005 20200916082759 =035 ##$$a 0010-031500000000156 =008 200916################g##########0#ind## =020 ##$$a 978-602-70254-0-0 =040 ##$$a NBPDMAT =082 ##$$a 303.62 =090 ##$$a 303.62 $b Agu m =100 #$$a Agus SB =245 1#$$a Merintis jalan mencegah terorisme : $b ( Sebuah bunga rampai) /$c Agus SB =260 ##$$a Jakarta :$b Semarak Lautan Warna,$c 2014 =300 ##$$a xvi, 496 hlm. : $b ilus ; $c 16x23 cm. =084 ##$$a 303.62 AGU m =650 #4$$a Terorisme =990 ##$$a 31500120